000 00561nam a2200229Ia 4500
003 OSt
005 20220918174931.0
006 a|||||r|||| 00| 0
007 ta
008 220917b |||||||| |||| 00| 0 eng d
024 _a14,830
037 _cTextual
040 _aARTS
_cARTS
_beng
041 _2eng
_aeng
082 _aN82, K2 (MILSC)
100 _aSubba Rao T V
_952259
245 0 _aStudies in Indian music
260 _c1962
650 _aARTS
942 _hN82, K2 (MILSC)
_cTEXL
_2CC
999 _c155300
_d155300